[Event "ROM-ch U14"]
[Site "Calimanesti"]
[Date "2015.03.30"]
[Round "1"]
[White "Alboni, Denis Dean"]
[Black "Miloiu, Cristi Constantin"]
[Result "1-0"]
[WhiteElo "1665"]
[BlackElo "1014"]
[PlyCount "105"]
[EventDate "2015.03.30"]
[EventType "swiss"]
[EventRounds "9"]
[EventCountry "ROU"]
[SourceTitle "CBM 165 Extra"]
[Source "ChessBase"]
[SourceDate "2015.04.21"]
[SourceVersion "1"]
[SourceVersionDate "2015.04.21"]
[SourceQuality "1"]

1. e4 e5 2. Nf3 Nc6 3. Bb5 Nf6 4. Qe2 Bc5 5. c3 a6 6. Ba4 d6 7. h3 Bd7 8. 0-0 0-0 9. Rd1 Qc8 10. Bc2 Re8 11. d4 exd4 12. cxd4 Bb4 13. Nc3 Bxh3 14. gxh3 Qxh3 15. Be3 Qg4+ 16. Kf1 Qh3+ 17. Ke1 Ba5 18. Ng5 Qg4 19. Qxg4 Nxg4 20. Ke2 Nxe3 21. Kxe3 Bxc3 22. bxc3 h6 23. Nh3 Re7 24. Nf4 Rae8 25. Rg1 g5 26. Nd5 Nb4 27. Nxe7+ Rxe7 28. cxb4 f5 29. f3 f4+ 30. Kf2 Kg7 31. Rg4 Kg6 32. Rag1 h5 33. Rxg5+ Kh6 34. Rf5 Rg7 35. Rxg7 Kxg7 36. Rxh5 Kf6 37. Rf5+ Kg6 38. Rxf4 Kg5 39. Rf7 b6 40. Rxc7 a5 41. bxa5 bxa5 42. Rf7 a4 43. Bxa4 d5 44. e5 Kg6 45. Rf6+ Kg7 46. Kg3 Kg8 47. e6 Kg7 48. Rf7+ Kg8 49. Bd1 Kh8 50. a4 Kg8 51. a5 Kh8 52. a6 Kg8 53. a7 1-0

[Event "ROM-ch U12"]
[Site "Calimanesti"]
[Date "2014.04.06"]
[Round "1"]
[White "Miloiu, Cristi Constantin"]
[Black "Ungureanu, Alexandru Daniel"]
[Result "0-1"]
[WhiteElo "1001"]
[BlackElo "1527"]
[PlyCount "86"]
[EventDate "2014.04.06"]
[EventType "swiss"]
[EventRounds "9"]
[EventCountry "ROU"]
[SourceTitle "CBM 160 Extra"]
[Source "ChessBase"]
[SourceDate "2014.07.01"]
[SourceVersion "1"]
[SourceVersionDate "2014.07.01"]
[SourceQuality "1"]

1. e4 d6 2. Nf3 g6 3. Nc3 Bg7 4. Bc4 Nf6 5. Ng5 e6 6. d3 0-0 7. Nf3 a6 8. Bg5 b5 9. Bb3 Bb7 10. a3 Nbd7 11. 0-0 c5 12. g3 Qc7 13. a4 b4 14. Ne2 h6 15. Bf4 e5 16. Be3 d5 17. exd5 Bxd5 18. Bxd5 Nxd5 19. Rc1 f5 20. c3 f4 21. Bd2 fxg3 22. fxg3 bxc3 23. Nxc3 Nb4 24. Qb3+ Kh8 25. Nd5 Nxd5 26. Qxd5 Qa7 27. Qe4 Qb6 28. Nh4 Kh7 29. Bc3 c4+ 30. Kg2 cxd3 31. Qxd3 Qc6+ 32. Kg1 e4 33. Qd2 Qxa4 34. Rfd1 Rad8 35. Bxg7 Kxg7 36. Rc7 Rf7 37. Qd4+ Qxd4+ 38. Rxd4 Re7 39. Ra7 e3 40. Kf1 e2+ 41. Ke1 Rc8 42. Rdxd7 Rc1+ 43. Kd2 e1Q+ 0-1